Love story : (Registro nro. 3745)

Detalles MARC
000 -LEADER
fixed length control field 00515nam a2200181Ia 4500
003 - CONTROL NUMBER IDENTIFIER
control field OSt
005 - DATE AND TIME OF LATEST TRANSACTION
control field 20250502143619.0
008 - FIXED-LENGTH DATA ELEMENTS--GENERAL INFORMATION
fixed length control field 191128t1970 sp r 000 f spa d
040 ## - CATALOGING SOURCE
Original cataloging agency CO-JMCR
Transcribing agency CO-JMCR
041 ## - LANGUAGE CODE
Language code of text/sound track or separate title spa
082 04 - DEWEY DECIMAL CLASSIFICATION NUMBER
Classification number A-N
Item number SEGl
100 1# - MAIN ENTRY--PERSONAL NAME
Personal name Segal, Erich,
Dates associated with a name 1937-2010
Relator term autor
9 (RLIN) 8141
245 10 - TITLE STATEMENT
Title Love story :
Remainder of title (historia de amor) /
Statement of responsibility, etc. Erich Segal
260 ## - PUBLICATION, DISTRIBUTION, ETC.
Place of publication, distribution, etc. Madrid :
Name of publisher, distributor, etc. Círculo de lectores,
Date of publication, distribution, etc. ©1970
300 ## - PHYSICAL DESCRIPTION
Extent 158 páginas ;
Dimensions 20 cm
650 14 - SUBJECT ADDED ENTRY--TOPICAL TERM
Topical term or geographic name entry element Novela estadounidense
9 (RLIN) 8142
942 ## - ADDED ENTRY ELEMENTS (KOHA)
Source of classification or shelving scheme Dewey Decimal Classification
Koha item type Books
Existencias
Withdrawn status Lost status Source of classification or shelving scheme Damaged status Not for loan Collection code Home library Current library Date acquired Source of acquisition Total Checkouts Full call number Barcode Date last seen Date last checked out Copy number Koha item type
    Dewey Decimal Classification     Fiction Biblioteca Pública José María del Castillo y Rada Biblioteca Pública José María del Castillo y Rada 11/28/2019 Donación 2 A-N SEGl 201808048 11/06/2024 11/05/2024 Ej.1 Books